LEADER 00807nam0-22002891i-450- 001 990006172740403321 005 19980601 035 $a000617274 035 $aFED01000617274 035 $a(Aleph)000617274FED01 035 $a000617274 100 $a19980601d1944----km-y0itay50------ba 105 $a--------00-yy 200 1 $a<>financement des guerres$fFernand Baudhuin. 205 $a10 ed. - 210 $aLouvain$cInstitut de Recherches Economiques et Sociales$d1944 215 $a312 p.$d24 cm 676 $a355.02 700 1$aBaudhuin,$bFernand$f<1894-1977>$0120571 801 0$aIT$bUNINA$gRICA$2UNIMARC 901 $aBK 912 $a990006172740403321 952 $aXIV D 166$b63049$fFGBC 959 $aFGBC 996 $aFinancement des guerres$9647174 997 $aUNINA DB $aGIU01 LEADER 00888nam0-22003251i-450 001 990007837960403321 005 20180416132938.0 010 $a2-13-046222-7 035 $a000783796 035 $aFED01000783796 035 $a(Aleph)000783796FED01 035 $a000783796 100 $a20031114d1995----km-y0itay50------ba 101 1 $afre 102 $aFR 105 $aac--a---001cy 200 1 $aFreud$el'anneau secret$fPhyllis Grosskurth 210 $aParis$cPresses universitaires de France$d1995 215 $a242 p.$d22 cm 225 1 $aHistoire de la psychanalyse 610 0 $aFreud, Sigmund 676 $a150.195 2$v21$zita 700 1$aGrosskurth,$bPhyllis$0167036 801 0$aIT$bUNINA$gRICA$2UNIMARC 901 $aBK 912 $a990007837960403321 952 $aP.1 9V FREUD/S 35$bBibl. 47936$fFLFBC 959 $aFLFBC 996 $aFreud$9672201 997 $aUNINA